| 000 | 01026cam a2200301 a 4500 | ||
|---|---|---|---|
| 008 | |||
| 020 | _a0273612352 (pbk.) | ||
| 049 | _aMAIN | ||
| 090 |
_aHF5549.5.M3 _bHUM |
||
| 245 | 0 | 0 |
_aHuman resource development : _bperspectives, strategies and practice / _cedited by Jim Stewart and Jim McGoldrick. |
| 260 |
_aLondon : _bPitman, _c1996. |
||
| 300 |
_aviii, 312 p. : _bill. ; _c25 cm. |
||
| 504 | _aIncludes bibliographical references. | ||
| 500 | _aIncludes index. | ||
| 650 | 0 | _aManpower planning. | |
| 650 | 0 |
_aManpower planning _zGreat Britain. |
|
| 650 | 0 |
_aManpower planning _zGreat Britain _xCase studies. |
|
| 650 | 0 | _aOrganizational change. | |
| 650 | 0 |
_aOrganizational change _zGreat Britain. |
|
| 650 | 0 |
_aOrganizational change _zGreat Britain _xCase studies. |
|
| 700 | 1 | _aStewart, Jim. | |
| 700 | 1 | _aMcGoldrick, Jim. | |
| 907 |
_a.b1025660x _b14-09-09 _c07-07-08 |
||
| 003 | |||
| 005 | 20230123124916.0 | ||
| 040 | _cNUST | ||
| 942 |
_cBOOKS _kHF5549.5.M3 _mHUM |
||
| 999 |
_c132386 _d132386 |
||